| 000 | 00623nam a2200193Ia 4500 | ||
|---|---|---|---|
| 003 | GCL | ||
| 008 | 140319s9999 xx 000 0 ara d | ||
| 040 |
_aGCL / _cGCL |
||
| 082 | 0 | 4 |
_a320.351 _bش ك |
| 100 | 1 | _aشفيق خالد | |
| 245 | 1 | 0 |
_aكلام فى الاشتراكية (هدية من الاديب عبدالفتاح الجمل) / _cشفيق خالد |
| 260 |
_a[S.N] : _bE.M.M.E ، _c1963 |
||
| 300 | _a63 ص | ||
| 490 |
_aالهيئة العامة للاستعلامات _v0 |
||
| 650 | 0 | 4 | _aالاشتراكية |
| 650 | 0 | 4 | _aالسياسة |
| 650 | 0 | 4 | _aالمذاهب السياسية |
| 942 |
_2ddc _cBK |
||
| 999 |
_c57180 _d57180 |
||